| 000 | 01983nam a2200337 a 4500 | ||
|---|---|---|---|
| 001 | ebr10635022 | ||
| 003 | CaPaEBR | ||
| 006 | m u | ||
| 007 | cr cn||||||||| | ||
| 008 | 061128s2007 njua sb 001 0 eng d | ||
| 010 | _z 2006039516 | ||
| 020 | _z9780813541693 (hardcover : alk. paper) | ||
| 020 | _z0813541697 (hardcover : alk. paper) | ||
| 020 | _z9780813560526 (e-book) | ||
| 040 |
_aCaPaEBR _cCaPaEBR |
||
| 035 | _a(OCoLC)835204042 | ||
| 050 | 1 | 4 |
_aRC485 _b.S56 2007eb |
| 082 | 0 | 4 |
_a616.89/122 _222 |
| 100 | 1 | _aShorter, Edward. | |
| 245 | 1 | 0 |
_aShock therapy _h[electronic resource] : _ba history of electroconvulsive treatment in mental illness / _cEdward Shorter, David Healy. |
| 260 |
_aNew Brunswick, N.J. : _bRutgers University Press, _cc2007. |
||
| 300 |
_axii, 382 p. : _bill. |
||
| 504 | _aIncludes bibliographical references (p. [299]-362) and index. | ||
| 505 | 0 | _aThe penicillin of psychiatry? -- "Some experiments on the biological influencing of the course of schizophrenia" -- "Madness cured with electricity" -- From the university clinic to the psychiatric institute: shock therapy goes global -- The couch or the treatment table? -- "ECT does not create zombies" -- "They're going to fry your brains!" -- The end of "Bedlam" and the age of psychopharmacology -- The swinging pendulum: the effects of politics, law, and changes in medical culture on ECT -- Electrogirl and the new ECT -- Magnets and implants: new therapies for a new century? -- Epilogue: irrational science. | |
| 533 |
_aElectronic reproduction. _bPalo Alto, Calif. : _cebrary, _d2013. _nAvailable via World Wide Web. _nAccess may be limited to ebrary affiliated libraries. |
||
| 650 | 0 |
_aElectroconvulsive therapy _xHistory. |
|
| 655 | 7 |
_aElectronic books. _2local |
|
| 700 | 1 |
_aHealy, David, _cMRC Psych. |
|
| 710 | 2 | _aebrary, Inc. | |
| 856 | 4 | 0 |
_uhttp://site.ebrary.com/lib/rucke/Doc?id=10635022 _zAn electronic book accessible through the World Wide Web; click to view |
| 999 |
_c47916 _d47916 |
||